000 00499nam a2200181Ia 4500
008 100917s9999 xx 000 0 und d
082 _b28270
100 _aशहा सुरेखा चंद्रगुप्त
245 _aपानगळ
260 _bमेनका प्रकाशन
_c1976
300 _a115
365 _b8
520 _aकादंबरी
630 _aपानगळ
650 _aकादंबरी
730 _aपानगळ
942 _cBOOK
999 _c633664
_d633661